| 000 | 01199cam a2200361 i 4500 | ||
|---|---|---|---|
| 001 | 12302582 | ||
| 003 | EG-ScBUE | ||
| 005 | 20260124111245.0 | ||
| 008 | 010207t2002 gw a frb 001 0 eng d | ||
| 020 | _a354041701X (hardcover : alk. paper) | ||
| 020 | _a9783540417019 | ||
| 040 |
_aDLC _beng _erda _cDLC _dDLC _dEG-ScBUE |
||
| 082 | 0 | 4 |
_a572.88 _222 _bRNA |
| 245 | 0 | 0 |
_aRNA motifs and regulatory elements / _ceditor T. Dandekar ; with contributions by Peter Bengert [and four others] |
| 250 | _aSecond edition. | ||
| 264 | 1 |
_aBerlin : _bSpringer, _c[2002] |
|
| 264 | 4 | _cc2002 | |
| 300 |
_a233 pages : _billustrations ; _c24 cm |
||
| 336 |
_2rdacontent _atext _btxt |
||
| 337 |
_aunmediated _2rdamedia _bn |
||
| 338 |
_avolume _bnc _2rdacarrier |
||
| 500 | _aRev. ed. of: Regulatory RNA / Thomas Dandekar. 1998. | ||
| 504 | _aIncludes bibliographical references and index. | ||
| 650 | 7 |
_aRNA. _2BUEsh |
|
| 650 | 7 |
_aMessenger RNA. _2BUEsh _939589 |
|
| 650 | 7 |
_aGenetic regulation. _2BUEsh |
|
| 651 | _2BUEsh | ||
| 653 |
_bPPhrm _cMarch2016 |
||
| 655 | _vReading book | ||
| 700 | 1 |
_aDandekar, Thomas, _d1960- _eeditor. |
|
| 700 | 1 |
_aBengert, P. _q(Peter) _econtributor. |
|
| 942 |
_2ddc _cBB |
||
| 999 |
_c21444 _d21416 |
||